Benazir Bhutto - Statistics

General Stats
  • This quiz has been taken 15 times
  • The average score is 5 of 20
Answer Stats
Question Answer % Correct
What is Bhutto's nationality? Pakistani
100%
Bhutto had degrees from which two universities? Oxford
64%
How many children did she have? Three
55%
How old was Bhutto when seh died? 54
45%
when was her father executed? 1979
36%
Harvard
36%
Name Bhutto's husband? Asif Ali Zardari
27%
What did Bhutto's political party intend to restore to Pakistan? Democracy
27%
Benazir Bhutto was the first female world leader to do what? Give birth in office
18%
When and where was Bhutto assassinated? Rawalpindi, 2007
18%
What is the title of Bhutto's autobiography? Daughter of Destiny
9%
Bhutto's father was Pakistan's first president to be what? Democratically elected
9%
While at Oxford, Bhutto was elected president of which society? Oxford Union
9%
What political party was she associated with? Pakistani Peoples Party
9%
How many times did Bhutto serve as Prime Minister of Pakistan? Twice
9%
Bhutto spent many years detained at the order of which dictator? Zia ul-Haq
9%
During Bhutto's self-sexile from Pakistan, where did she live? Dubai
0%
Before her father was deposed, Bhutto planned to do what? Enter the Foreign Service
0%
Bhutto was also part of which organisation? Movement for the Restoration of Democracy
0%
Why were Bhutto's governments dismissed from office? Rumours of corruption
0%
No matching quizzes found
Score Distribution
Percent of People with Each Score
Percentile by Number Answered
Your Score History
You have not taken this quiz